<?xml version='1.0' encoding='UTF-8'?>
  <record xmlns="http://www.loc.gov/MARC21/slim">
    <leader>00000cam a2200000 i 4500</leader>
    <controlfield tag="001">ocn941082857</controlfield>
    <controlfield tag="003">OCoLC</controlfield>
    <controlfield tag="005">20241012205312.2</controlfield>
    <controlfield tag="008">160125s1752    ne       l    000 0 dut d</controlfield>
    <datafield tag="040" ind1=" " ind2=" ">
      <subfield code="a">NLGGC</subfield>
      <subfield code="b">eng</subfield>
      <subfield code="e">rda</subfield>
      <subfield code="c">NLGGC</subfield>
      <subfield code="d">QGJ</subfield>
      <subfield code="d">OCLCF</subfield>
      <subfield code="d">OCLCQ</subfield>
      <subfield code="d">OCLCO</subfield>
      <subfield code="d">OCLCQ</subfield>
    </datafield>
    <datafield tag="029" ind1="0" ind2=" ">
      <subfield code="a">NLGGC</subfield>
      <subfield code="b">400780992</subfield>
    </datafield>
    <datafield tag="035" ind1=" " ind2=" ">
      <subfield code="a">(OCoLC)941082857</subfield>
    </datafield>
    <datafield tag="110" ind1="1" ind2=" ">
      <subfield code="a">Utrecht (Netherlands)</subfield>
    </datafield>
    <datafield tag="245" ind1="1" ind2="0">
      <subfield code="a">Publicatie. Schout, Borgermeesteren en die van den Gerechte der Stad Utrecht, inhaererende voorgaande publicatien op dit subject gedaan, interdiceeren en verbieden by dezen wel scherpelijk alle ende een yder, jonk ofte oud, eenige nagtegaaltjens, of ander gevogelte in de vryheid deser stad te vangen ... ook na deselve met roers off ander geweer te schieten, ofte te verjagen ... mitsgaders nesjens te stooren, op poene van hondert gulden :</subfield>
      <subfield code="b">en op dat niemand desen aangaande eenige ignorantie zoude konnen pretendeeren, zal deese worden gepubliceert, gedrukt, en geaffigeert na behoren /</subfield>
      <subfield code="c">in kennisse van my secretaris J.L.V. Romondt ; aldus gepubliceert van den stadhuyze t'Utrecht (more solito) by my ondergesz. deurweerder op den 25. May 1752. J.V. Lanckom.</subfield>
    </datafield>
    <datafield tag="264" ind1=" " ind2="1">
      <subfield code="a">T'Utrecht :</subfield>
      <subfield code="b">Gedrukt by Jacob van Poolsum,</subfield>
      <subfield code="c">1752.</subfield>
    </datafield>
    <datafield tag="300" ind1=" " ind2=" ">
      <subfield code="a">1 sheet ;</subfield>
      <subfield code="c">46 cm</subfield>
    </datafield>
    <datafield tag="336" ind1=" " ind2=" ">
      <subfield code="a">text</subfield>
      <subfield code="b">txt</subfield>
      <subfield code="2">rdacontent</subfield>
    </datafield>
    <datafield tag="337" ind1=" " ind2=" ">
      <subfield code="a">unmediated</subfield>
      <subfield code="b">n</subfield>
      <subfield code="2">rdamedia</subfield>
    </datafield>
    <datafield tag="338" ind1=" " ind2=" ">
      <subfield code="a">sheet</subfield>
      <subfield code="b">nb</subfield>
      <subfield code="2">rdacarrier</subfield>
    </datafield>
    <datafield tag="340" ind1=" " ind2=" ">
      <subfield code="m">broadsheet</subfield>
    </datafield>
    <datafield tag="500" ind1=" " ind2=" ">
      <subfield code="a">Also available in online version.</subfield>
    </datafield>
    <datafield tag="650" ind1=" " ind2="0">
      <subfield code="a">Nightingale.</subfield>
    </datafield>
    <datafield tag="650" ind1=" " ind2="6">
      <subfield code="a">Rossignol philomèle.</subfield>
    </datafield>
    <datafield tag="650" ind1=" " ind2="7">
      <subfield code="a">Nightingale.</subfield>
      <subfield code="2">fast</subfield>
      <subfield code="0">(OCoLC)fst01037680</subfield>
    </datafield>
    <datafield tag="700" ind1="1" ind2=" ">
      <subfield code="a">Romond, Johan Lambertus van.</subfield>
      <subfield code="4">isb</subfield>
    </datafield>
    <datafield tag="700" ind1="1" ind2=" ">
      <subfield code="a">Lanckom, J. V.</subfield>
      <subfield code="4">isb</subfield>
    </datafield>
    <datafield tag="936" ind1=" " ind2=" ">
      <subfield code="a">BATCHLOAD</subfield>
    </datafield>
  </record>